15 Seconds - Draw All US State Borders - Statistics

General Stats
  • This quiz has been taken 36 times
  • The average score is 4 of 107
Answers on the Map
Answers color-coded by a green-red scale on the quiz's map according to % correct below.
 
Answer Stats
Border % Correct
Alaska
42%
Hawaii
38%
California-Oregon
25%
Oregon-Washington
25%
Michigan-Ohio
21%
California-Nevada
17%
Idaho-Washington
17%
Oklahoma-Texas
17%
Indiana-Michigan
13%
Montana-Wyoming
13%
Arizona-California
8%
Florida-Georgia
8%
Idaho-Montana
8%
Indiana-Ohio
8%
Iowa-Minnesota
8%
Maine-New Hampshire
8%
Nevada-Oregon
8%
Alabama-Florida
4%
Alabama-Georgia
4%
Colorado-Kansas
4%
Colorado-Wyoming
4%
Idaho-Nevada
4%
Idaho-Oregon
4%
Idaho-Wyoming
4%
Illinois-Indiana
4%
Kansas-Missouri
4%
Kansas-Oklahoma
4%
Massachusetts-New York
4%
Minnesota-North Dakota
4%
Nevada-Utah
4%
New Jersey-New York
4%
New Mexico-Texas
4%
New York-Pennsylvania
4%
North Dakota-South Dakota
4%
Utah-Wyoming
4%
Alabama-Mississippi
0%
Alabama-Tennessee
0%
Arizona-Nevada
0%
Arizona-New Mexico
0%
Arizona-Utah
0%
Arkansas-Louisiana
0%
Arkansas-Mississippi
0%
Arkansas-Missouri
0%
Arkansas-Oklahoma
0%
Arkansas-Tennessee
0%
Arkansas-Texas
0%
Colorado-Nebraska
0%
Colorado-New Mexico
0%
Colorado-Oklahoma
0%
Colorado-Utah
0%
Connecticut-Massachusetts
0%
Connecticut-New York
0%
Connecticut-Rhode Island
0%
Delaware-Maryland
0%
Delaware-New Jersey
0%
Delaware-Pennsylvania
0%
Georgia-North Carolina
0%
Georgia-South Carolina
0%
Georgia-Tennessee
0%
Idaho-Utah
0%
Illinois-Iowa
0%
Illinois-Kentucky
0%
Illinois-Missouri
0%
Illinois-Wisconsin
0%
Indiana-Kentucky
0%
Iowa-Missouri
0%
Iowa-Nebraska
0%
Iowa-South Dakota
0%
Iowa-Wisconsin
0%
Kansas-Nebraska
0%
Kentucky-Missouri
0%
Kentucky-Ohio
0%
Kentucky-Tennessee
0%
Kentucky-Virginia
0%
Kentucky-West Virginia
0%
Louisiana-Mississippi
0%
Louisiana-Texas
0%
Maryland-Pennsylvania
0%
Maryland-Virginia
0%
Maryland-West Virginia
0%
Massachusetts-New Hampshire
0%
Massachusetts-Rhode Island
0%
Massachusetts-Vermont
0%
Michigan-Wisconsin
0%
Minnesota-South Dakota
0%
Minnesota-Wisconsin
0%
Mississippi-Tennessee
0%
Missouri-Nebraska
0%
Missouri-Oklahoma
0%
Missouri-Tennessee
0%
Montana-North Dakota
0%
Montana-South Dakota
0%
Nebraska-South Dakota
0%
Nebraska-Wyoming
0%
New Hampshire-Vermont
0%
New Jersey-Pennsylvania
0%
New Mexico-Oklahoma
0%
New York-Vermont
0%
North Carolina-South Carolina
0%
North Carolina-Tennessee
0%
North Carolina-Virginia
0%
Ohio-Pennsylvania
0%
Ohio-West Virginia
0%
Pennsylvania-West Virginia
0%
South Dakota-Wyoming
0%
Tennessee-Virginia
0%
Virginia-West Virginia
0%
No matching quizzes found
Score Distribution
Percent of People with Each Score
Percentile by Number Answered
Your Score History
You have not taken this quiz